000 00686nam a2200229Ia 4500
003 OSt
005 20220923213308.0
006 a|||||r|||| 00| 0
007 ta
008 220922b |||||||| |||| 00| 0 hin d
024 _a160,517
037 _cTextual
040 _aARTS
_cARTS
_bhin
041 _2hin
_ahin
082 _aO152:1F70:11, J4.1-;2(TTPH),J4.1;3(=)
100 _aचन्द विरदाई
_9156291
245 0 _aपृथ्वीराजरासो
246 _aPṛuthvīrājarāso
260 _c1954
942 _hO152:1F70:11, J4.1-;2(TTPH),J4.1;3(=)
_cTEXL
_2CC
999 _c315264
_d315264